Technologie mikroelektronických obvodů

Salvato in:
Dettagli Bibliografici
Autori principali: Matějka, František (Autore), Brzobohatý, Jaromír (Autore)
Natura: Libro
Lingua:ceco
Pubblicazione: Brno : Vysoké učení technické v Brně, 1984
Edizione:1. vyd.
Tags: Aggiungi Tag
Nessun Tag, puoi essere il primo ad aggiungerne!!

MARC

LEADER 00000nam a22000003a 4500
001 stu25821
005 20241001150119.5
008 980528s1984------------------------cze-d
040 |a STU  |b slo 
041 0 |a cze 
100 1 |a Matějka, František  |4 aut 
245 1 |a Technologie mikroelektronických obvodů 
250 |a 1. vyd. 
260 |a Brno :  |b Vysoké učení technické v Brně,  |c 1984 
300 |a 237 s 
700 1 |a Brzobohatý, Jaromír  |4 aut 
996 |b 284ES16810  |c E*S-21503  |l EE01  |s A  |a 24  |w stu25821_0002 
996 |b 284ES16809  |c E*S-22463  |l EE01  |s A  |a 24  |w stu25821_0004 
996 |b 284ES16811  |c E*S-22462  |l EE01  |s A  |a 24  |w stu25821_0009